Statistics for Famous Spots by Country - Multiple Choice

Click here to take the quiz!

General Stats

  • This quiz has been taken 74 times
  • The average score is 13 of 15

Answer Stats

QuestionAnswer% Correct
Great Pyramid of GizaEgypt
97%
Taj MahalIndia
96%
Sydney Opera HouseAustralia
94%
Statue of LibertyUnited States
91%
Christ the RedeemerBrazil
90%
Louvre MuseumFrance
88%
Mount FujiJapan
88%
Machu PichuPeru
84%
Burj KhalifaUnited Arab Emirates
82%
Angkor WatCambodia
79%
Chichen ItzaMexico
79%
Cologne CathedralGermany
78%
Forbidden PalaceChina
74%
Table MountainSouth Africa
72%
TahitiFrance
63%

Score Distribution

Percentile by Number Answered

Percent of People with Each Score

Your Score History

You have not taken this quiz